00454nmm a2200157Ia 4500008004100000041000800041100002000049245004100069264005100110300001800161490001100179650003000190856005200220942000700272999001700279251105s9999||||xx |||||||||||||||||und|| aspa aMissé, Miquel 2aA la conquista del cuerpo equivocado a[Madrid, España] :bEditorial Egales, c2019 a175 páginas aEnsayo aSocial Sciences (General) uhttps://public.digitaliapublishing.com/a/144384 cCF c99223d99223